Statistiken für Landkreise und kreisfreie Städte in NRW

Klicken Sie hier um das Quiz zu spielen!

Allgemein

  • Dieses Quiz wurde 1.823 mal gespielt
  • Das Durchschnittsergebnis liegt bei 35 aus 53

Antwortstatistiken

Antwort% Korrekt
Kreisfreie StadtKöln
95%
Kreisfreie StadtDüsseldorf
94%
Kreisfreie StadtDortmund
93%
KreisAachen
92%
Kreisfreie StadtEssen
90%
Kreisfreie StadtBochum
89%
Kreisfreie StadtBonn
88%
Kreisfreie StadtDuisburg
88%
Kreisfreie StadtBielefeld
87%
Kreisfreie StadtMünster
87%
Kreisfreie StadtGelsenkirchen
82%
Kreisfreie StadtWuppertal
82%
KreisPaderborn
78%
Kreisfreie StadtHamm
77%
Kreisfreie StadtLeverkusen
76%
Kreisfreie StadtOberhausen
75%
Kreisfreie StadtMönchengladbach
73%
Kreisfreie StadtKrefeld
71%
Kreisfreie StadtHagen
70%
KreisRecklinghausen
70%
KreisSiegen-Wittgenstein
70%
Kreisfreie StadtHerne
68%
Kreisfreie StadtBottrop
67%
KreisRhein-Kreis Neuss
67%
Kreisfreie StadtSolingen
67%
KreisKleve
62%
Kreisfreie StadtMülheim an der Ruhr
61%
KreisUnna
61%
KreisHochsauerlandkreis
60%
KreisRheinisch-Bergischer Kreis
60%
KreisGütersloh
59%
KreisDüren
56%
Kreisfreie StadtRemscheid
56%
KreisLippe
55%
KreisSoest
55%
KreisCoesfeld
54%
KreisRhein-Sieg-Kreis
54%
KreisMinden-Lübbecke
53%
KreisWesel
53%
KreisMettmann
52%
KreisWarendorf
52%
KreisBorken
51%
KreisHöxter
51%
KreisOlpe
51%
KreisViersen
51%
KreisEuskirchen
50%
KreisHeinsberg
49%
KreisRhein-Erft-Kreis
49%
KreisSteinfurt
46%
KreisMärkischer Kreis
45%
KreisOberbergischer Kreis
45%
KreisHerford
44%
KreisEnnepe-Ruhr-Kreis
39%

Verteilung der Resultate

Perzentil nach korrekt beantworteten Fragen

Anzahl Personen mit jedem Resultat

Ihre Resultats-Entwicklung

Sie haben dieses Quiz noch nicht gespielt